|
|
|
|
| LEADER |
01020nam a2200253 a 4500 |
| 001 |
4327829 |
| 008 |
090822s1989 njuab 001 0 eng d |
| 010 |
|
|
|a 88007273
|
| 020 |
|
|
|a 0130008117
|
| 040 |
|
|
|a DLC
|c DLC
|d DLC
|
| 082 |
0 |
0 |
|a 428.6/4
|2 19
|
| 100 |
1 |
|
|a Abdulaziz, Helen Taylor.
|
| 245 |
1 |
0 |
|a Academic challenges in reading /
|c Helen Taylor Abdulaziz, Alfred D. Stover ; illustrations by Patricia Eisenberg.
|
| 260 |
|
|
|a Englewood Cliffs, N.J. :
|b Prentice Hall,
|c c1989.
|
| 300 |
|
|
|a xiii, 225 p. :
|b ill., maps ;
|c 24 cm.
|
| 500 |
|
|
|a Includes index.
|
| 541 |
1 |
|
|e 00011326
|
| 650 |
|
0 |
|a English language
|x Textbooks for foreign speakers.
|
| 650 |
|
0 |
|a College readers.
|
| 700 |
1 |
|
|a Stover, Alfred D.,
|d 1948-
|
| 852 |
4 |
|
|a Ayesha Abed Library
|j General shelf
|
| 942 |
0 |
0 |
|0 1
|
| 999 |
|
|
|c 3312
|d 3312
|
| 952 |
|
|
|0 0
|1 0
|2 ddc
|4 0
|6 428_640000000000000_ABD_1998
|7 0
|9 3003
|a BRACUL
|b BRACUL
|c GEN
|d 2009-08-31
|g 0.00
|l 6
|m 39
|o 428.64 ABD
|p 3010011326
|r 2022-09-14
|s 2022-08-01
|t 1
|w 2009-08-31
|y BK
|x No price found in the accession register.
|